|
|
|
|
| LEADER |
00000cam a2200000 7i4500 |
| 001 |
0000000089 |
| 005 |
20240919.0 |
| 008 |
991122 ohu eng |
| 020 |
|
|
|a 0538196807
|
| 040 |
|
|
|a INS
|b eng
|e rda
|
| 090 |
0 |
0 |
|a HF5695.R3
|b L87 1986
|
| 100 |
1 |
|
|a Lusht, Kenneth M. ,
|e author
|
| 245 |
1 |
0 |
|a Real estate mathematics :
|b fundamentals and applications
|c Kenneth M. Lusht
|
| 250 |
|
|
|a Second Edition
|
| 264 |
|
1 |
|a Cincinnati, Ohio :
|b South Western Pubs. Co
|c 1986
|
| 300 |
|
|
|a v, 199 pages :
|b illustrations ;
|c 27 cm.
|
| 336 |
|
|
|a text
|2 rdacontent
|
| 337 |
|
|
|a unmediated
|2 rdamedia
|
| 338 |
|
|
|a volume
|2 rdacarrier
|
| 650 |
|
0 |
|a Real estate business
|x Business mathematics
|
| 650 |
|
0 |
|a Real estate business
|x Popular works
|
| 999 |
|
|
|a 0000003110
|b BOOK
|c Open Shelf
|e Default branch
|
| 999 |
|
|
|a 0000005060
|b BOOK
|c Open Shelf
|e Default branch
|
| 999 |
|
|
|a 0000022273
|b BOOK
|c Open Shelf
|e Default branch
|